00462nam a2200145 a 450000100100000000500170001000800410002702000150006804000250008308200100010810000210011824500880013926000620022730000270028900004649520201002052918.0150820s2000 dr a 000 spa d a8495193035 aDO-SdBNPbspacBNPHU bE651e aEspinal, Ismenia 0aEspañol :bteoria y práctica /cIsmenia Espinal, Lucia Estevez, Carlos Pérez. aSanto Domingo :bUniversidad Abierta Para Adultos,c2000. a143 p. :bil ;c28 cm.